Central Library || Chittagong University

Avahattha & comparative vocabulary of new Indo - Aryan languages ./ (Record no. 112965)

MARC details
000 -LEADER
fixed length control field 00550nam a22001697a 4500
003 - CONTROL NUMBER IDENTIFIER
control field BD-ChCU
005 - DATE AND TIME OF LATEST TRANSACTION
control field 20260514093453.0
008 - FIXED-LENGTH DATA ELEMENTS--GENERAL INFORMATION
fixed length control field 260514b bg ||||| |||| 00| 0 ben d
040 ## - CATALOGING SOURCE
Transcribing agency BD-ChCU
082 ## - DEWEY DECIMAL CLASSIFICATION NUMBER
Classification number REF 491.103 TSA
100 ## - MAIN ENTRY--PERSONAL NAME
Personal name Tsuyoshi Nara .
9 (RLIN) 22964
245 ## - TITLE STATEMENT
Title Avahattha & comparative vocabulary of new Indo - Aryan languages ./
Statement of responsibility, etc. Nara Avahattha.
260 ## - PUBLICATION, DISTRIBUTION, ETC.
Place of publication, distribution, etc. Tokyo :
Name of publisher, distributor, etc. Institute for the study of language & Cultures of Asia & Africa .
Date of publication, distribution, etc. C 1979
300 ## - PHYSICAL DESCRIPTION
Extent vi , 166p.
650 #0 - SUBJECT ADDED ENTRY--TOPICAL TERM
Topical term or geographic name entry element Aryan languages.
9 (RLIN) 22967
942 ## - ADDED ENTRY ELEMENTS (KOHA)
Source of classification or shelving scheme Dewey Decimal Classification
Koha item type Books
Suppress in OPAC No
Holdings
Withdrawn status Lost status Source of classification or shelving scheme Damaged status Not for loan Home library Current library Shelving location Date acquired Source of acquisition Total Checkouts Full call number Barcode Date last seen Copy number Price effective from Koha item type
    Dewey Decimal Classification     Chittagong University Library Chittagong University Library Reference 05/14/2026 Purchase   REF 491.103 TSA 92772 05/14/2026 C-1 05/14/2026 Books
© Copyright 2026. Chittagong University Library, Installation and Maintenance by Prof. Dr. Md. Alamgir, 01711306253